| 000 | 01213nam a22002897a 4500 | ||
|---|---|---|---|
| 001 | 5422 | ||
| 003 | FISKH | ||
| 005 | 20260114094312.0 | ||
| 008 | 241204b cb ||||| |||| 00| 0 eng d | ||
| 020 | _a9780486400778 | ||
| 040 |
_aFISKH _beng _cFISKH _dFISKH |
||
| 050 | _aPS1306 | ||
| 082 | _a813.4 | ||
| 100 | _aTwain, Mark | ||
| 245 |
_aThe adventures of Tom Sawyer / _cby Mark Twain |
||
| 260 |
_aNew York : _bDover Publications, INC ; _c1998. |
||
| 490 |
_aTom Sayer _vBook 1 |
||
| 505 | _aZ | ||
| 520 | _aThe orphan Tom Sawyer, raised by his aunt, is never out of trouble for long. A mischievous, charming boy (not to mention genius at escaping from trouble), Tom's adventures involve many unwitting bystanders. From one moment to the next, the boy could change into a pirate, or ship's captain - when he's not trying to win Becky Thatcher for a sweetheart, of course. Tom is also a friend of Twain's other beloved boy-hero, Huckleberry Finn. . | ||
| 521 | 8 |
_a920
_bLexile |
|
| 521 | 8 |
_aZ
_bRaz-Plus |
|
| 650 |
_aSawyer, Tom ( Fiction Character) _vFiction |
||
| 650 |
_aBoys- Missouri _vFiction |
||
| 700 |
_aBadia, Angel _eillustrator |
||
| 942 |
_2ddc _cBK _n0 |
||
| 999 |
_c5422 _d5422 |
||